| 000 | 01159cam a2200361 i 4500 | ||
|---|---|---|---|
| 001 | 18126355 | ||
| 003 | OSt | ||
| 005 | 20260415134124.0 | ||
| 008 | 140422s2015 caua b 001 0 eng | ||
| 010 | _a 2014015932 | ||
| 020 | _a9781118834701 | ||
| 035 | _a18126355 | ||
| 035 | _a(DNLM)101630978 | ||
| 042 | _apcc | ||
| 050 | 0 | 0 |
_aRA427 _b.L64 2015 |
| 060 | 1 | 0 | _aW 84.1 |
| 082 | 0 | 0 |
_a610.68/5 _223 |
| 100 | 1 |
_aLongest, Beaufort B., _eauthor. |
|
| 240 | 1 | 0 | _aManaging health programs and projects |
| 245 | 1 | 0 |
_aHealth program management : _bfrom development through evaluation / |
| 250 | _aSecond edition. | ||
| 260 |
_aSan Francisco: _bJossey- Bass _c2015 |
||
| 300 |
_axxiii, 357 pages : _billustrations ; _c24 cm |
||
| 504 | _aIncludes bibliographical references and index. | ||
| 650 | 1 | 2 |
_aHealth Planning _xmethods. |
| 650 | 1 | 2 | _aHealth Services Administration. |
| 650 | 2 | 2 | _aOrganizational Innovation. |
| 650 | 2 | 2 | _aProgram Evaluation. |
| 650 | 2 | 2 | _aTotal Quality Management. |
| 906 |
_a7 _bcbc _corignew _d1 _eecip _f20 _gy-gencatlg |
||
| 942 |
_2lcc _cBK |
||
| 999 |
_c60356 _d60356 |
||